Dream interpretation : a new approach /

Bibliographic Details
Main Author: French, Thomas Morton, 1892-
Other Authors: Fromm, Erika
Format: Book
Language:English
Published: Madison, Conn. : International Universities Press, [1986]
Series:Classics in psychoanalysis ; monograph no. 5.
Subjects:

MARC

Tag First Indicator Second Indicator Subfields
LEADER 00000cam a2200000 a 4500
001 in00000007790
005 20151002070026.0
008 860307r19861964ctua b 00110 eng
010 |a  86003013  
020 |a 0823614352 :  |c $25.00 
035 |a (OCoLC)13327994 
035 |9 AAA0120AM 
040 |a DLC  |c DLC  |d m/c  |d VET  |d TXA  |d UtOrBLW 
050 0 0 |a BF1078  |b .F67 1986 
082 0 |a 154.6/3  |2 19 
100 1 |a French, Thomas Morton,  |d 1892- 
245 1 0 |a Dream interpretation :  |b a new approach /  |c Thomas M. French and Erika Fromm. 
264 1 |a Madison, Conn. :  |b International Universities Press,  |c [1986] 
264 4 |c ©1986 
300 |a xi, 224 pages :  |b illustrations ;  |c 23 cm. 
336 |a text  |b txt  |2 rdacontent 
337 |a unmediated  |b n  |2 rdamedia 
338 |a volume  |b nc  |2 rdacarrier 
490 1 |a Classics in psychoanalysis ;  |v monograph 5 
500 |a Reprint. Originally published: New York : Basic Books, c1964. 
504 |a Bibliography: pages [213]-218. 
500 |a Includes index. 
650 0 |a Dreams. 
650 0 |a Psychoanalysis. 
700 1 |a Fromm, Erika. 
830 0 |a Classics in psychoanalysis ;  |v monograph no. 5. 
999 |a MARS 
999 f f |s 9c73bdf9-3424-3ef9-815c-cfab6a0132e3  |i cc831cfa-55fa-3b8d-91d4-150d27b380e5  |t 0 
952 f f |p ric  |a Texas A&M University  |b Rellis Campus  |c Joint Library Facility  |d Remote Storage  |t 0  |e BF1078 .F67 1986  |h Library of Congress classification  |i unmediated -- volume  |m A14812556959 
998 f f |a BF1078 .F67 1986  |t 0  |l Remote Storage